000 00399nam a22001577a 4500
005 20251108175838.0
008 250721s1990 xx 000 0 eng d
082 1 4 _aJ/821.9282/RHY
245 1 0 _aRHYME TIME /
264 1 _aNEW DELHI :
_bCHAND & COMPANY LTD,
_c1990.
300 _a2P.
650 1 7 _aPOEMES
653 _aناشئون صغار (10-14)سنة
942 _2ddc
_cBK
999 _c143823
_d143823